Bands Named After Animals - Statistics

General Stats
  • This quiz has been taken 62 times
  • The average score is 8 of 20
Answer Stats
Hint Answer % Correct
Hotel California Eagles
96%
Kiss From A Rose Seal
75%
Rock You Like A Hurricane Scorpions
64%
(Don't Fear) The Reaper Blue Öyster Cult
60%
Here I Go Again Whitesnake
60%
Happy Together The Turtles
53%
Feel Good Inc. Gorillaz
47%
Joy To The World Three Dog Night
45%
I Ran (So Far Away) A Flock of Seagulls
43%
Wild World Cat Stevens
40%
Radioactive Imagine Dragons
40%
For What It's Worth Buffalo Springfield
32%
20th Century Boy T. Rex
30%
Fireflies Owl City
26%
Ain't No Rest For The Wicked Cage The Elephant
17%
The Less I Know The Better Tame Impala
17%
Only Wanna Be with You Hootie & The Blowfish
15%
Hotel Room Service Pitbull
15%
Earth Angel The Penguins
11%
Colors Black Pumas
9%
No matching quizzes found
Score Distribution
Percent of People with Each Score
Percentile by Number Answered
Your Score History
You have not taken this quiz